Normal view
MARC view
Entry Geographic Name
001 - CONTROL NUMBER
- control field: 5322
003 - CONTROL NUMBER IDENTIFIER
- control field: ARRUPE
005 - DATE AND TIME OF LATEST TRANSACTION
- control field: 20131206133908.0
008 - FIXED-LENGTH DATA ELEMENTS
- fixed length control field: 131206|| aca||aabn | a|a d
040 ## - CATALOGING SOURCE
- Original cataloging agency: ARRUPE
- Transcribing agency: ARRUPE
151 ## - HEADING--GEOGRAPHIC NAME
- Geographic name: Tanzania
- General subdivision: Politics and government
- Chronological subdivision: 1964-
670 ## - SOURCE DATA FOUND
- Source citation: Work cat.: (ARRUPE)0: Abrahams, R. G. 5319, Villagers, villages, and the state in modern Tanzania /, 1985.